00243nam a2200109Ia 4500008004100000041000800041082001100049100001400060245001500074260003500089300000900124220803s9999 xx 000 0 und d aeng a891GOK aGokhale L aMazi Gosht b"Sukrut Prakashan, Pune"c2013 a258p